Heat transfer (Record no. 3641)

000 -LEADER
fixed length control field 00564nam a2200229 a 4500
001 - CONTROL NUMBER
control field 3641
003 - CONTROL NUMBER IDENTIFIER
control field BD-DhUET
008 - FIXED-LENGTH DATA ELEMENTS--GENERAL INFORMATION
fixed length control field 960506s1997 nyua b 001 0 eng
020 ## - INTERNATIONAL STANDARD BOOK NUMBER
International Standard Book Number 0071143203
020 ## - INTERNATIONAL STANDARD BOOK NUMBER
International Standard Book Number 0078447852
040 ## - CATALOGING SOURCE
Original cataloging agency DLC
Transcribing agency DLC
Modifying agency BD-DhUET
082 00 - DEWEY DECIMAL CLASSIFICATION NUMBER
Classification number 621.011
Item number HOL/1997
100 1# - MAIN ENTRY--PERSONAL NAME
Personal name Holman, J. P.
245 10 - TITLE STATEMENT
Title Heat transfer
250 ## - EDITION STATEMENT
Edition statement 8th ed.
260 ## - PUBLICATION, DISTRIBUTION, ETC. (IMPRINT)
Place of publication, distribution, etc. New York
Name of publisher, distributor, etc. McGraw-Hill
Date of publication, distribution, etc. 1997
300 ## - PHYSICAL DESCRIPTION
Extent xviii, 696 p.
Other physical details ill.
490 ## - SERIES STATEMENT
Series statement Schaum's outline series
504 ## - BIBLIOGRAPHY, ETC. NOTE
Bibliography, etc Includes bibliographies
650 #0 - SUBJECT ADDED ENTRY--TOPICAL TERM
Topical term or geographic name as entry element Heat transfer
942 ## - ADDED ENTRY ELEMENTS (KOHA)
Koha item type General Book
Holdings
Sublocation or collection (holding branch) Koha normalized classification for sorting Price effective from Damaged status Date acquired Koha out on loan Koha issues (times borrowed) Source of classification or shelving scheme Piece designation (barcode) Not for loan Shelving location Koha item type Location (home branch) Koha full call number Koha date last borrowed Koha date last seen Withdrawn status Lost status Copy number
Central Library, BUET621_011000000000000_HOL_19972014-11-03 2014-11-032025-05-113 92450 Circulation sectionGeneral BookCentral Library, BUET621.011/HOL/19972025-04-272025-04-27  1
Central Library, BUET621_011000000000000_HOL_19972014-11-03 2014-11-03   92452 Circulation sectionGeneral BookCentral Library, BUET621.011/HOL/1997 2014-11-03  2
Central Library, BUET621_000000000000000_011HOL19972014-11-03 2014-11-03   92453 Circulation sectionGeneral BookCentral Library, BUET621.011/HOL/1997 2016-07-30  3
Central Library, BUET621_000000000000000_011HOL19972014-11-03 2014-11-03 1 92454 Circulation sectionGeneral BookCentral Library, BUET621.011/HOL/19972022-01-092022-06-08  4
Central Library, BUET621_000000000000000_011HOL19972014-11-03 2014-11-03 2 92455 Circulation sectionGeneral BookCentral Library, BUET621.011/HOL/19972024-10-022024-10-28  5
Central Library, BUET621_000000000000000_011HOL19972014-11-03 2014-11-03 3 92457 Circulation sectionGeneral BookCentral Library, BUET621.011/HOL/19972023-12-102024-08-31  6
Central Library, BUET621_000000000000000_011HOL19972014-11-03 2014-11-03   92459 Circulation sectionGeneral BookCentral Library, BUET621.011/HOL/1997 2014-11-03  7
Central Library, BUET621_011000000000000_HOL_19972014-11-03 2014-11-03 1 92460 Circulation sectionGeneral BookCentral Library, BUET621.011/HOL/19972024-03-122024-08-28  8
Central Library, BUET621_000000000000000_011HOL19972014-11-03 2014-11-03 1 92461 Circulation sectionGeneral BookCentral Library, BUET621.011/HOL/19972024-04-082024-06-22  9
Central Library, BUET621_000000000000000_011HOL19972014-11-03 2014-11-03 5 92462 Circulation sectionGeneral BookCentral Library, BUET621.011/HOL/19972024-12-102025-03-12  10
Central Library, BUET621_000000000000000_011HOL19972014-11-03 2014-11-03 1 92464 Circulation sectionGeneral BookCentral Library, BUET621.011/HOL/19972015-03-042017-05-03  11
Central Library, BUET621_000000000000000_011HOL19972014-11-03 2014-11-03 3 92465 Circulation sectionGeneral BookCentral Library, BUET621.011/HOL/19972019-06-172019-07-10  12
Central Library, BUET621_000000000000000_011HOL19972014-11-03 2014-11-03 3 92466 Circulation sectionGeneral BookCentral Library, BUET621.011/HOL/19972022-05-242022-06-08  13
Central Library, BUET621_011000000000000_HOL_19972015-04-12 2015-04-12   92468 Circulation sectionGeneral BookCentral Library, BUET621.011 HOL/1997 2015-04-12  14
Central Library, BUET621_011000000000000_HOL_19972015-07-02 2015-07-02   92447 Reading sectionReading ItemCentral Library, BUET621.011/HOL/1997 2015-07-02  15
Central Library, BUET621_011000000000000_HOL_19972015-07-09 2015-07-09   92446 Reading sectionReading ItemCentral Library, BUET621.011/HOL/1997 2015-07-09  16